মীর-মানস / (Record no. 26392)
[ view plain ]
| 000 -LEADER | |
|---|---|
| fixed length control field | 00725nam a22002057a 4500 |
| 003 - CONTROL NUMBER IDENTIFIER | |
| control field | BDDh-ASL |
| 005 - DATE AND TIME OF LATEST TRANSACTION | |
| control field | 20231016062614.0 |
| 008 - FIXED-LENGTH DATA ELEMENTS--GENERAL INFORMATION | |
| fixed length control field | 201114s1965 b ||||| |||| 00| 0 b d |
| 040 ## - CATALOGING SOURCE | |
| Original cataloging agency | BDDh-ASL |
| Transcribing agency | BDDh-ASL |
| 041 ## - LANGUAGE CODE | |
| Language code of text/sound track or separate title | ben |
| 082 ## - DEWEY DECIMAL CLASSIFICATION NUMBER | |
| Classification number | 928.9144 |
| Item number | CHM |
| 100 1# - MAIN ENTRY--PERSONAL NAME | |
| 9 (RLIN) | 2102 |
| Personal name | চৌধুরী, মুনীর |
| 245 10 - TITLE STATEMENT | |
| Title | মীর-মানস / |
| 246 ## - VARYING FORM OF TITLE | |
| Title proper/short title | Mir-Manas |
| 260 ## - PUBLICATION, DISTRIBUTION, ETC. | |
| Place of publication, distribution, etc. | ঢাকা: |
| Name of publisher, distributor, etc. | বাংলা একাডেমি, |
| Date of publication, distribution, etc. | ১৯৬৫। |
| 300 ## - PHYSICAL DESCRIPTION | |
| Extent | ২৩৬ পৃষ্ঠা, : |
| Dimensions | ২২ সে. মি. |
| 600 10 - SUBJECT ADDED ENTRY--PERSONAL NAME | |
| 9 (RLIN) | 2095 |
| Personal name | হোসেন, মীর মশাররফ |
| 650 #0 - SUBJECT ADDED ENTRY--TOPICAL TERM | |
| Topical term or geographic name entry element | biographical dictionary - চরিতাভিধান |
| General subdivision | সাহিত্য |
| 9 (RLIN) | 4665 |
| 942 ## - ADDED ENTRY ELEMENTS (KOHA) | |
| Source of classification or shelving scheme | Dewey Decimal Classification |
| Koha item type | Books |
| Withdrawn status | Lost status | Source of classification or shelving scheme | Damaged status | Not for loan | Collection code | Home library | Current library | Shelving location | Date acquired | Source of acquisition | Total Checkouts | Full call number | Barcode | Date last seen | Copy number | Price effective from | Koha item type | Public note |
|---|---|---|---|---|---|---|---|---|---|---|---|---|---|---|---|---|---|---|
| Dewey Decimal Classification | Non-fiction | Asiatic Society Library | Asiatic Society Library | General Stacks | 10/08/2021 | Donated by Prof. (Dr.) M. Abdul Qayyum & Dr. Razia Sultana | 928.9144 CHM | 112410 | 10/08/2021 | C-1 | 10/08/2021 | Books | RARE | |||||
| Dewey Decimal Classification | Non-fiction | Asiatic Society Library | Asiatic Society Library | General Stacks | 06/15/2022 | ASB Library Collection | 928.9144 CHM | 117022 | 06/15/2022 | C-2 | 06/15/2022 | Books | ||||||
| Dewey Decimal Classification | Non-fiction | Asiatic Society Library | Asiatic Society Library | General Stacks | 06/15/2022 | ASB Library Collection | 928.9144 CHM | 117023 | 06/15/2022 | C-3 | 06/15/2022 | Books |